00658nam a2200169Ia 450000500170000000800410001702000180005808200180007610000170009424500650011126000410017630000130021765000510023094200070028199900190028895201810030720250409120112.0231217s9999 xx 000 0 und d a9788179923252 a374.22 MAN;3 aMandal, S K. 0aHow to succeed in group discussions and personnel interviews c2006bJaico Publishing HouseaMumbai axii, 175 asucceed,group,discussions,personnel,interviews cAA c195456d195456 r2024-01-26 00:00:00l0o374.22 MAN;3p86565W0w2024-01-26yAAzDonated By Prof. Aiswarya S, MBA1040708CL00L21/12/2021aMLbMLcCLd2013-07-11EDONATEDGRSF1V0URupees